[Event "22nd ECCC Women 2017"]
[Site "Antalya"]
[Date "2017.10.14"]
[Round "6"]
[White "Yildiz, Betul Cemre"]
[Black "Badelka, Olga"]
[Result "0-1"]
[WhiteElo "2350"]
[BlackElo "2353"]
[Annotator "TA"]
[PlyCount "122"]
[EventType "team-tourn"]
[EventCountry "TUR"]
[SourceTitle "playchess.com"]
[Source "ChessBase"]
[SourceQuality "1"]
[WhiteTeam "Anatolia"]
[BlackTeam "Bossa Nova"]

{[%evp 20,122,0,0,17,19,28,12,64,61,16,-13,97,0,40,33,45,41,44,26,36,31,49,58,83,66,110,26,112,112,122,47,25,0,0,-1,0,0,0,0,3,0,0,0,0,-16,-8,-10,0,-76,-70,-83,-83,-90,-90,-97,-90,-97,-82,-93,-78,-152,-130,-645,-185,-213,-206,-289,-279,-633,-636,-623,-625,-598,-548,-487,-278,-398,0,-673,-673,-924,-891,-4886,-1564,-29976,-29977,-29977,-29978,-29978,-29979,-29979,-29974,-29973,-29974,-29974,-29974,-29980,-29981,-29980,-29973,-29970,-29970,-29981,-29981]} 1. e4 c5 2. Nf3 e6 3. d4 cxd4 4. Nxd4 Nf6 5. Bd3 Nc6 6. Nxc6 bxc6 7. O-O d5 8. Nd2 Be7 9. c4 O-O 10. Qe2 Bb7 {B40: Sizilianisch (Klassisches System mit e7-e6)} 11. b3 {LiveBook: 9 Partien} (11. Rd1 Re8 12. b3 e5 13. cxd5 cxd5 14. Bb5 Rf8 15. exd5 Nxd5 16. Bb2 f6 17. Nf1 Kh8 18. Ne3 {0-1 (41) Skembris,S (2422)-Stopa,J (2541) Paleochora 2015}) 11... Re8 12. Bb2 Qb6 {Die Stellung ist ausgeglichen.} 13. Rac1 $146 ({Vorgänger:} 13. Kh1 c5 14. e5 Nd7 15. f4 d4 16. Ne4 Nf8 17. Ng5 Bxg5 18. fxg5 {1-0 (32) Espinoza,F (2243)-Gulbas,C (2371) Dresden 2008}) 13... Rad8 (13... c5 $11) 14. e5 Nd7 15. Nf3 (15. cxd5 {is interesting.} cxd5 16. Nf3 h6 17. a3 d4 18. b4) 15... g6 (15... c5 $11) 16. Bc3 (16. cxd5 $16 cxd5 17. Bb5) 16... Bb4 17. Bxb4 Qxb4 18. Qe3 Qc5 19. Qf4 {Droht cxd5 und aus.} Qe7 20. Rfe1 c5 21. cxd5 exd5 22. h4 d4 23. Ng5 (23. Nh2 $16) 23... Bd5 (23... h6 $11 24. Ne4 Bxe4 25. Rxe4 h5) 24. Bb5 $16 a6 25. Bxd7 ({Günstiger ist} 25. Bxa6 $16 Rb8 26. Qg3) 25... Rxd7 $14 26. Ne4 (26. h5 {seems wilder.} h6 27. Ne4 Bxe4 28. Qxe4 gxh5 29. e6) 26... Bxe4 $1 27. Qxe4 d3 28. Rcd1 Red8 29. g3 Qe6 30. Re3 {[%cal Re3d3]} d2 31. Re2 Rd3 {Und weiter mit ...T8d4 wäre nett.} 32. Re3 R3d4 $36 {[%mdl 2048] Schwarz steht aktiver.} 33. Qf3 R8d5 34. Qe2 (34. Qf6 $11) 34... a5 {[%cal Ba6a5,Ba5a4][%mdl 32]} 35. Kg2 a4 36. Kh2 Kf8 37. Kg2 Ke7 38. Kh2 Qf5 39. Kg2 h6 40. bxa4 ({Besser ist} 40. Qb5) 40... c4 $17 {[%cal Bc5c4,Bc4c3][%mdl 32] zielt auf ...Td3 ab.} 41. Rc3 $2 {[%mdl 8192]} (41. a5 $17) 41... Qc8 $2 (41... Rxe5 42. Re3 Re6) 42. a5 Qa6 {[%mdl 1024] Schwarz hat starke Kompensation.} ({Schlechter ist} 42... Rxa5 43. Rxd2 Qa8+ 44. Rf3 $11) 43. f4 (43. f3 $142) 43... Qb5 $19 ({Weniger gut wäre} 43... Rxa5 44. Rxd2 Rxd2 45. Qxd2 $15) 44. Rc2 $2 (44. Kh2 Qb4 45. Qe3) 44... Qc6 $1 {( -> ...Txe5+)} 45. Kh2 {[%cal Rd1d2]} c3 46. a6 {Jetzt a7 und Weiss darf weiter klammern.} Rd3 47. a7 {beabsichtigt De4.} Qa4 (47... Rd8 $142 48. Qf2 Ra8) 48. Qf2 Ra5 $2 (48... Kf8 $19 49. e6 fxe6) 49. a8=Q $4 {[%mdl 8192]} (49. Qb6 $11) 49... Rxa8 50. Qc5+ Ke8 51. Rxc3 Rxc3 (51... Qxd1 $142 52. Qc6+ Kf8 53. Qxa8+ Kg7 54. Rxd3 Qe2+ 55. Qg2 Qxd3) 52. Qxc3 Qxd1 {Schwarz setzt Matt.} 53. Qc6+ {[#]} Kf8 $1 54. Qxa8+ {[%mdl 4096] Endspiel KD-KD} Kg7 55. Qa6 Qe1 56. Qf6+ Kg8 57. Qd8+ Kh7 58. Qe7 Qe2+ 59. Kh3 Qf1+ 60. Kh2 {[#]} Qc4 $1 61. Qd8 Qe2+ {Precision: Weiß = 42%, Schwarz = 44%.} 0-1

[Event "22nd ECCC Women 2017"]
[Site "Antalya"]
[Date "2017.10.13"]
[Round "6"]
[White "Fataliyeva, Ulviyya"]
[Black "Pogonina, Natalija"]
[Result "1/2-1/2"]
[WhiteElo "2348"]
[BlackElo "2466"]
[Annotator "TA"]
[PlyCount "65"]
[EventType "team-tourn"]
[EventCountry "TUR"]
[SourceTitle "playchess.com"]
[Source "ChessBase"]
[SourceQuality "1"]
[WhiteTeam "Odlar Yurdu"]
[BlackTeam "UGRA"]

{[%evp 13,65,7,10,12,11,10,16,9,11,8,10,0,0,0,0,0,0,0,0,0,0,0,0,0,0,0,0,0,0,-4,0,0,0,0,0,0,0,0,0,0,0,0,0,0,0,0,0,0,0,0,0,0,0,0]} 1. e4 e5 2. Nf3 Nc6 3. d4 exd4 4. Nxd4 Bc5 5. Nxc6 bxc6 6. Nc3 Nf6 7. Bd3 O-O {LiveBook: 22 Games. The position is equal. C47: Scotch Four Knights and Four Knights with 4 g3} 8. Na4 (8. O-O Re8 9. Bg5 h6 10. Bh4 Be7 11. e5 Nd5 12. Bxe7 Qxe7 13. Qd2 Qb4 14. Rae1 Qf4 15. Qd1 Nxc3 16. bxc3 d5 17. exd6 Bg4 18. Rxe8+ Rxe8 {½-½ (49) Nepomniachtchi,I (2705)-Dominguez Perez,L (2732) Berlin 2015}) 8... Bb6 9. O-O Re8 10. Re1 d5 $146 ({Predecessor:} 10... d6 11. Bg5 h6 12. Bh4 Bd4 13. Qd2 g5 14. c3 Bb6 15. Bg3 {1-0 (72) Thurrott,A (1828)-Hlavacek,L (1748) LSS email 2011}) 11. Nxb6 axb6 12. Bg5 h6 13. Bxf6 $1 Qxf6 14. exd5 {[%cal Re1e8] [#]} Rxe1+ 15. Qxe1 {[%cal Re1e8]} Bf5 16. Bxf5 Qxf5 $11 {[%mdl 4096] Endgame KQR-KQR} 17. Qc3 Qxd5 18. a3 Rd8 19. h3 c5 20. Re1 Qf5 21. b3 Qf4 (21... Rd4 {keeps more tension.} 22. a4 Kh7 23. Re2 Qd5 24. f3 c4) 22. g3 Qd2 23. Qxd2 Rxd2 {KR-KR} 24. Rc1 Kf8 25. Kf1 Ke7 26. Ke1 Rd5 27. Rd1 Re5+ 28. Kd2 Kd6 29. Ra1 Rd5+ 30. Kc3 Re5 31. Kd2 Rd5+ 32. Kc3 Re5 33. Kd2 {Precision: White = 86%, Black = 96%.} 1/2-1/2

[Event "22nd ECCC Women 2017"]
[Site "Antalya"]
[Date "2017.10.13"]
[Round "6"]
[White "Hojjatova, Aydan"]
[Black "Kovanova, Baira"]
[Result "1-0"]
[WhiteElo "2341"]
[BlackElo "2371"]
[Annotator "RC"]
[PlyCount "111"]
[EventType "team-tourn"]
[EventCountry "TUR"]
[SourceTitle "playchess.com"]
[Source "ChessBase"]
[SourceQuality "1"]
[WhiteTeam "Odlar Yurdu"]
[BlackTeam "UGRA"]
[TimeControl "40/5400+30:1800+30"]

1. e4 {[%emt 0:00:30]} e5 {[%emt 0:01:00]} 2. Nf3 {[%emt 0:00:00]} Nc6 {[%emt 0:00:00]} 3. Bc4 {[%emt 0:00:00]} Bc5 {[%emt 0:00:00]} 4. O-O {[%emt 0:00:30]} Nf6 {[%emt 0:00:00]} 5. d3 {[%emt 0:00:00]} d6 {[%emt 0:01:00]} 6. c3 {[%emt 0:00:00]} a6 {[%emt 0:01:30]} 7. a4 {[%emt 0:00:30]} Ba7 {[%emt 0:00:30]} 8. Na3 {[%emt 0:00:30]} Ne7 {[%emt 0:02:30]} 9. Nc2 {[%emt 0:00:30]} c6 {[%emt 0:03:30]} 10. Be3 {[%emt 0:07:30]} Bxe3 {[%emt 0:01:30]} 11. Nxe3 {[%emt 0:00:00]} O-O {[%emt 0:01:30]} 12. Re1 {[%emt 0:07:00]} Ng6 {[%emt 0:09:30]} 13. Qc2 {[%emt 0:06:30]} d5 {[%emt 0:11:30]} 14. Bb3 {[%emt 0:06:30]} h6 {[%emt 0:03:30]} 15. Rad1 {[%emt 0:01:30]} Be6 {[%emt 0:06:30]} 16. d4 {[%emt 0:24:30]} Nxe4 {[%emt 0:04:30]} 17. c4 {[%emt 0:05:30]} exd4 {[%emt 0:14:30]} 18. Rxd4 {[%emt 0:04:30]} Nf6 {[%emt 0:12:30]} 19. cxd5 {[%emt 0:06:30]} cxd5 {[%emt 0:00:30]} 20. Qd3 {[%emt 0:02:30]} Qb6 {[%emt 0:05:18]} 21. h4 {[%emt 0:05:59]} Rad8 {[%emt 0:01:06]} 22. g3 {[%emt 0:05:07]} Ne7 {[%emt 0:05:35]} 23. Ne5 {[%emt 0:09:04]} Nc6 {[%emt 0:01:43]} 24. Nxc6 {[%emt 0:00:42]} bxc6 {[%emt 0:00:30]} 25. Bc2 {[%emt 0:00:00]} g6 {[%emt 0:07:37]} 26. b4 {[%emt 0:02:06]} Ne4 {[%emt 0:00:45]} 27. Kg2 {[%emt 0:01:02]} a5 {[%emt 0:00:27]} 28. b5 {[%emt 0:01:55]} h5 {[%emt 0:03:21]} 29. bxc6 {[%emt 0:01:45]} Qxc6 {[%emt 0:00:01]} 30. f3 {[%emt 0:00:00]} Nf6 {[%emt 0:01:12]} 31. Rf4 {[%emt 0:01:12]} Nd7 {[%emt 0:00:17]} 32. g4 {[%emt 0:00:36]} Ne5 {[%emt 0:00:49]} 33. Qd4 {[%emt 0:00:24]} Nc4 {[%emt 0:00:39]} 34. Bd3 {[%emt 0:00:29]} Qb6 {[%emt 0:00:45]} 35. Qxb6 {[%emt 0:00:51]} Nxb6 {[%emt 0:00:30]} 36. gxh5 {[%emt 0:00:30]} d4 {[%emt 0:00:30]} 37. Nc2 {[%emt 0:00:30]} gxh5 {[%emt 0:00:30]} 38. Kf2 {[%emt 0:00:30]} Nxa4 {[%emt 0:00:30]} 39. Rg1+ {[%emt 0:00:30]} Bg4 {[%emt 0:00:30]} 40. fxg4 {[%emt 0:00:30]} Nc5 {[%emt 0:01:55]} 41. gxh5+ {[%emt 0:08:48]} Kh8 {[%emt 0:00:00]} 42. Ke2 {[%emt 0:02:30]} Rd6 {[%emt 0:04:00]} 43. Rg5 {[%emt 0:01:50]} Nb3 {[%emt 0:08:32]} 44. Kd1 {[%emt 0:04:07]} a4 {[%emt 0:01:20]} 45. Na3 {[%emt 0:02:56]} Re6 {[%emt 0:03:09]} 46. Nc4 {[%emt 0:03:19]} a3 {[%emt 0:05:06]} 47. Nxa3 {[%emt 0:01:23]} Re3 {[%emt 0:00:40]} 48. Bc4 {[%emt 0:03:46]} f6 {[%emt 0:05:19]} 49. Rgf5 {[%emt 0:02:12]} Na1 {[%emt 0:02:19]} 50. Nb5 {[%emt 0:00:51]} Rfe8 {[%emt 0:02:39]} 51. Rxf6 {[%emt 0:01:15]} Nb3 {[%emt 0:01:10]} 52. Nd6 {[%emt 0:01:53]} Re1+ {[%emt 0:01:29]} 53. Kc2 {[%emt 0:00:05]} d3+ {[%emt 0:00:00]} 54. Kxd3 {[%emt 0:01:06]} R8e3+ {[%emt 0:00:39]} 55. Kc2 {[%emt 0:00:05]} Na1+ {[%emt 0:00:30]} 56. Kb2 {[%emt 0:00:28]} 1-0

[Event "22nd ECCC Women 2017"]
[Site "Antalya"]
[Date "2017.10.14"]
[Round "6"]
[White "Zaiatz, Elena"]
[Black "Isgandarova, Khayala"]
[Result "1-0"]
[WhiteElo "2334"]
[BlackElo "2242"]
[Annotator "ChessBase"]
[PlyCount "47"]
[EventType "team-tourn"]
[EventCountry "TUR"]
[SourceTitle "playchess.com"]
[Source "ChessBase"]
[SourceQuality "1"]
[WhiteTeam "Bossa Nova"]
[BlackTeam "Anatolia"]
[TimeControl "40/5400+30:1800+30"]

1. d4 {[%emt 0:00:30]} Nf6 {[%emt 0:01:00]} 2. c4 {[%emt 0:00:30]} g6 {[%emt 0:00:00]} 3. Nc3 {[%emt 0:00:00]} Bg7 {[%emt 0:00:00]} 4. e4 {[%emt 0:00:00]} d6 {[%emt 0:00:30]} 5. Be2 {[%emt 0:00:00]} O-O {[%emt 0:00:30]} 6. Be3 {[%emt 0:00:00]} e5 {[%emt 0:00:30]} 7. d5 {[%emt 0:00:00]} a5 {[%emt 0:01:30]} 8. g4 {[%emt 0:00:00]} Na6 {[%emt 0:01:30]} 9. g5 {[%emt 0:00:30]} Ne8 {[%emt 0:01:30]} 10. h4 {[%emt 0:02:30]} f5 {[%emt 0:01:30]} 11. gxf6 {[%emt 0:00:30]} Nxf6 {[%emt 0:07:30]} 12. h5 {[%emt 0:01:30]} Nc5 {[%emt 0:02:30]} 13. hxg6 {[%emt 0:00:30]} hxg6 {[%emt 0:00:30]} 14. Bf3 {[%emt 0:01:30]} Nh7 {[%emt 0:06:30]} 15. Qd2 {[%emt 0:21:30]} Bf6 {[%emt 0:09:30]} 16. Nh3 {[%emt 0:17:30]} Bh4 {[%emt 0:03:30]} 17. Be2 {[%emt 0:02:30]} Nf6 {[%emt 0:34:30]} 18. Bxc5 {[%emt 0:01:30]} dxc5 {[%emt 0:01:30]} 19. Qh6 {[%emt 0:00:30]} Ne8 {[%emt 0:03:30]} 20. O-O-O {[%emt 0:18:30]} Bxh3 {[%emt 0:10:08]} 21. Rdg1 {[%emt 0:01:30]} Ra6 {[%emt 0:02:46]} 22. Rxh3 {[%emt 0:02:30]} Rf4 {[%emt 0:00:11]} 23. Bg4 {[%emt 0:01:30]} Bg5 {[%emt 0:10:28]} 24. Qh8+ {[%emt 0:00:30]} 1-0

[Event "22nd ECCC Women 2017"]
[Site "Antalya"]
[Date "2017.10.13"]
[Round "6"]
[White "Cosma, Elena-Luminita"]
[Black "Celik, Eda"]
[Result "1-0"]
[WhiteElo "2333"]
[BlackElo "1880"]
[Annotator "NA"]
[PlyCount "85"]
[EventType "team-tourn"]
[EventCountry "TUR"]
[SourceTitle "playchess.com"]
[Source "ChessBase"]
[SourceQuality "1"]
[WhiteTeam "Timisoara"]
[BlackTeam "Aegean"]
[TimeControl "40/5400+30:1800+30"]

1. Nf3 {[%emt 0:00:30]} d5 {[%emt 0:01:00]} 2. d4 {[%emt 0:00:30]} Nf6 {[%emt 0:00:30]} 3. g3 {[%emt 0:00:00]} e6 {[%emt 0:00:30]} 4. Bg2 {[%emt 0:00:00]} Be7 $11 {[%emt 0:00:00] LiveBook: 1350 Games} 5. O-O {[%emt 0:00:30]} O-O {[%emt 0:00:00]} 6. c4 {[%emt 0:00:00]} dxc4 {[%emt 0:00:00]} 7. Qc2 {[%emt 0:00:00]} a6 {[%emt 0:00:00]} 8. a4 {[%emt 0:00:30]} Bd7 {[%emt 0:00:00]} 9. Qxc4 {[%emt 0:00:00]} Bc6 {[%emt 0:01:00]} 10. Bg5 {[%emt 0:00:00]} Nbd7 {[%emt 0:06:30]} 11. Nc3 {[%emt 0:01:30]} Nb6 {[%emt 0:06:30]} 12. Qd3 {[%emt 0:03:30]} h6 {[%emt 0:03:30]} 13. Bxf6 {[%emt 0:03:30]} Bxf6 {[%emt 0:00:30]} 14. e4 {[%emt 0:12:30]} Nd7 {[%emt 0:07:30]} 15. Rfd1 {[%emt 0:04:30]} b6 {[%emt 0:01:30]} 16. h4 {[%emt 0:07:30]} Bb7 {[%emt 0:01:30]} 17. Qc2 {[%emt 0:16:30]} Be7 {[%emt 0:03:30]} 18. e5 {[%emt 0:01:30]} Ra7 {[%emt 0:09:30]} 19. d5 {[%emt 0:11:30]} exd5 {[%emt 0:05:30]} 20. Nxd5 {[%emt 0:00:30]} Re8 {[%emt 0:00:30]} 21. Qf5 {[%emt 0:00:30]} g6 {[%emt 0:00:30]} 22. Qg4 {[%emt 0:07:30]} Bc8 {[%emt 0:29:30]} 23. e6 {[%emt 0:02:30]} h5 {[%emt 0:03:22]} 24. exf7+ {[%emt 0:06:30]} Kxf7 {[%emt 0:00:30]} 25. Qc4 {[%emt 0:00:30]} Kg7 {[%emt 0:04:07]} 26. Nf4 {[%emt 0:00:30]} Bd6 {[%emt 0:02:19]} 27. Ne6+ {[%emt 0:01:01]} Rxe6 {[%emt 0:00:30]} 28. Qxe6 {[%emt 0:00:00]} Nf6 {[%emt 0:01:25]} 29. Qc4 {[%emt 0:02:19]} Bb7 {[%emt 0:04:08]} 30. Ng5 {[%emt 0:01:11]} Qg8 {[%emt 0:04:35]} 31. Qxg8+ {[%emt 0:01:52]} Kxg8 {[%emt 0:00:13]} 32. Bxb7 {[%emt 0:01:04]} Rxb7 {[%emt 0:00:02]} 33. Rac1 {[%emt 0:00:11]} Rb8 {[%emt 0:02:34]} 34. Rc6 {[%emt 0:03:09]} Be5 {[%emt 0:03:37]} 35. b3 {[%emt 0:01:39]} Re8 {[%emt 0:00:13]} 36. Re1 {[%emt 0:03:15]} Bd6 {[%emt 0:00:44]} 37. Rxe8+ {[%emt 0:00:43]} Nxe8 {[%emt 0:00:30]} 38. Ne4 {[%emt 0:00:00]} Be5 {[%emt 0:00:35]} 39. a5 {[%emt 0:00:00]} Kf7 {[%emt 0:00:27]} 40. axb6 {[%emt 0:00:47]} cxb6 {[%emt 0:00:09]} 41. Rxb6 {[%emt 0:01:19]} a5 {[%emt 0:00:30]} 42. Ra6 {[%emt 0:00:30]} Bc7 {[%emt 0:02:30]} 43. Ng5+ {[%emt 0:00:30]} 1-0

[Event "22nd ECCC Women 2017"]
[Site "Antalya"]
[Date "2017.10.14"]
[Round "6"]
[White "Klinova, Masha"]
[Black "Haussernot, Cecile"]
[Result "1-0"]
[WhiteElo "2289"]
[BlackElo "2169"]
[Annotator "TA"]
[PlyCount "47"]
[EventType "team-tourn"]
[EventCountry "TUR"]
[SourceTitle "playchess.com"]
[Source "ChessBase"]
[SourceQuality "1"]
[WhiteTeam "Beer Sheva"]
[BlackTeam "Mulhouse Philidor"]

{[%evp 25,47,45,43,42,141,137,181,178,193,202,204,194,260,256,252,264,526,399,549,473,456,460,466,461]} 1. e4 c5 2. Nf3 d6 3. Bb5+ Nd7 4. O-O a6 5. Bxd7+ Bxd7 6. d4 cxd4 7. Qxd4 e5 8. Qd3 h6 9. a4 {B51: Sicilian: Moscow Variation (3 Bb5+) without 3...Bd7} Rc8 10. c4 Nf6 11. Nc3 Be7 12. b3 O-O 13. Rd1 $146 ({Predecessor:} 13. Ba3 Be6 {1-0 (42) Muzychuk,A (2560)-Zhu,C (2461) Khanty-Mansiysk 2014}) 13... Be6 {LiveBook: 3 Games} 14. Ba3 {[%cal Ra3d6]} Qb6 (14... Qa5 $14) 15. a5 Qa7 {[#]} 16. Nxe5 $1 {[%mdl 512]} b5 (16... dxe5 17. Bxe7) 17. axb6 $1 ({Worse is} 17. Bxd6 Rfd8 $15) 17... Qxb6 18. Nd5 Bxd5 (18... Nxd5 $142 19. cxd5 (19. exd5 Bf6 $18) 19... dxe5) 19. exd5 $18 Rfe8 20. Nc6 Ng4 $2 {[#]} (20... Nd7 {might work better.} 21. Qh3 Qc7) 21. Qd4 Qxb3 22. Nxe7+ {White is clearly winning.} Rxe7 23. Qxg4 Rxc4 24. Qg3 {Precision: White = 79%, Black = 17%.} 1-0

[Event "22nd ECCC Women 2017"]
[Site "Antalya"]
[Date "2017.10.13"]
[Round "6"]
[White "Okuyaz, Duru"]
[Black "Kaplan, Ebru"]
[Result "1-0"]
[WhiteElo "2233"]
[BlackElo "2001"]
[Annotator "NA"]
[PlyCount "101"]
[EventType "team-tourn"]
[EventCountry "TUR"]
[SourceTitle "playchess.com"]
[Source "ChessBase"]
[SourceQuality "1"]
[WhiteTeam "Marmara"]
[BlackTeam "Mediterranean"]
[TimeControl "40/5400+30:1800+30"]

1. e4 {[%emt 0:00:30]} c5 {[%emt 0:01:00]} 2. Nf3 {[%emt 0:00:00]} d6 {[%emt 0:00:30]} 3. d4 {[%emt 0:00:00]} Nf6 {[%emt 0:00:00]} 4. Nc3 {[%emt 0:00:30]} cxd4 {[%emt 0:00:00]} 5. Nxd4 {[%emt 0:00:30]} g6 {[%emt 0:01:30]} 6. Be3 {[%emt 0:00:00]} Bg7 {[%emt 0:00:30]} 7. f3 {[%emt 0:00:00]} a6 {[%emt 0:00:30]} 8. Qd2 {[%emt 0:00:30]} Nbd7 {[%emt 0:01:30]} 9. g4 {[%emt 0:00:30]} b5 {[%emt 0:02:30]} 10. Nc6 {[%emt 0:00:30]} Qc7 {[%emt 0:00:30]} 11. Nxe7 {[%emt 0:00:30]} Bb7 {[%emt 0:00:00]} 12. g5 {[%emt 0:07:30]} Ne5 {[%emt 0:08:00]} 13. Be2 {[%emt 0:05:30]} Kxe7 {[%emt 0:14:30]} 14. gxf6+ {[%emt 0:01:30]} Bxf6 {[%emt 0:00:30]} 15. O-O-O {[%emt 0:04:30]} Rhd8 {[%emt 0:13:30]} 16. Nd5+ $11 {[%emt 0:23:30]} (16. h4 $16) 16... Bxd5 {[%emt 0:00:30]} 17. Qxd5 {[%emt 0:01:30]} Rac8 {[%emt 0:03:30]} 18. Rd2 {[%emt 0:13:30]} Nc4 {[%emt 0:04:30]} 19. Bxc4 {[%emt 0:00:30]} bxc4 {[%emt 0:00:30]} 20. c3 {[%emt 0:00:30]} Rb8 {[%emt 0:00:30]} 21. Bg5 {[%emt 0:00:30]} Rb5 {[%emt 0:00:30]} 22. Bxf6+ {[%emt 0:00:30]} Kxf6 {[%emt 0:00:30]} 23. e5+ {[%emt 0:00:30]} Ke7 {[%emt 0:00:30]} 24. exd6+ {[%emt 0:07:30]} Rxd6 {[%emt 0:14:30]} 25. Re1+ {[%emt 0:06:30]} Re6 {[%emt 0:00:30]} 26. Rxe6+ {[%emt 0:01:30]} fxe6 {[%emt 0:00:30]} 27. Qd4 {[%emt 0:00:30]} Kf7 {[%emt 0:09:30]} 28. Qh8 {[%emt 0:02:30]} Qf4 {[%emt 0:02:30]} 29. Qxh7+ {[%emt 0:00:30]} Kf6 {[%emt 0:00:30]} 30. Qh8+ {[%emt 0:01:30]} Kf7 {[%emt 0:04:08]} 31. Qd4 {[%emt 0:01:30]} Rf5 {[%emt 0:06:48]} 32. Qxf4 {[%emt 0:02:11]} Rxf4 {[%emt 0:00:35]} 33. Rf2 {[%emt 0:00:06]} Kf6 {[%emt 0:00:37]} 34. Kd2 {[%emt 0:00:13]} Kf5 {[%emt 0:01:23]} 35. b3 {[%emt 0:00:56]} g5 {[%emt 0:02:47]} 36. b4 {[%emt 0:04:21]} Rh4 {[%emt 0:01:47]} 37. Ke3 {[%emt 0:02:22]} e5 {[%emt 0:01:28]} 38. a4 {[%emt 0:01:37]} Ke6 {[%emt 0:04:30]} 39. b5 {[%emt 0:02:37]} axb5 {[%emt 0:00:07]} 40. axb5 {[%emt 0:00:00]} Kd5 {[%emt 0:02:20]} 41. Rb2 {[%emt 0:07:37]} Rh7 {[%emt 0:05:30]} 42. b6 {[%emt 0:00:00]} Rb7 {[%emt 0:00:30]} 43. Rb4 {[%emt 0:00:00]} Kd6 {[%emt 0:02:30]} 44. Ke4 {[%emt 0:00:30]} Ke6 {[%emt 0:00:00]} 45. Rb5 {[%emt 0:00:30]} Kd6 {[%emt 0:00:00]} 46. Kf5 {[%emt 0:05:30]} Kc6 {[%emt 0:01:30]} 47. Rb4 {[%emt 0:00:30]} Kd5 {[%emt 0:01:30]} 48. Kxg5 {[%emt 0:00:30]} e4 {[%emt 0:00:30]} 49. fxe4+ {[%emt 0:01:30]} Kxe4 {[%emt 0:03:59]} 50. Rxc4+ {[%emt 0:00:30]} Kd3 {[%emt 0:00:15]} 51. Rc6 {[%emt 0:00:30]} 1-0

[Event "22nd ECCC Women 2017"]
[Site "Antalya"]
[Date "2017.10.13"]
[Round "6"]
[White "Hereklioglu, Sude"]
[Black "Can, Isil"]
[Result "1-0"]
[WhiteElo "2165"]
[BlackElo "1791"]
[Annotator "NA"]
[PlyCount "69"]
[EventType "team-tourn"]
[EventCountry "TUR"]
[SourceTitle "playchess.com"]
[Source "ChessBase"]
[SourceQuality "1"]
[WhiteTeam "Marmara"]
[BlackTeam "Mediterranean"]
[TimeControl "40/5400+30:1800+30"]

1. d4 {[%emt 0:00:30]} d5 {[%emt 0:01:00]} 2. Bg5 {[%emt 0:00:00]} Nf6 {[%emt 0:00:30]} 3. Nd2 {[%emt 0:03:00]} c6 {[%emt 0:05:30]} 4. c3 {[%emt 0:00:30]} Bf5 {[%emt 0:01:30]} 5. Ngf3 {[%emt 0:02:30]} Nbd7 {[%emt 0:01:30]} 6. Nh4 {[%emt 0:04:30]} e6 {[%emt 0:00:30]} 7. Nxf5 {[%emt 0:05:30]} exf5 {[%emt 0:00:30]} 8. g3 {[%emt 0:02:30]} g6 {[%emt 0:01:30]} 9. Bg2 {[%emt 0:00:00]} Bg7 {[%emt 0:00:00]} 10. O-O {[%emt 0:05:00]} Qb6 {[%emt 0:15:00]} 11. Qc2 {[%emt 0:06:30]} Ne4 {[%emt 0:09:30]} 12. Bxe4 {[%emt 0:05:30]} fxe4 {[%emt 0:01:30]} 13. Nxe4 {[%emt 0:01:30]} O-O {[%emt 0:28:30]} 14. Nd2 {[%emt 0:02:30]} h6 {[%emt 0:00:30]} 15. Bf4 {[%emt 0:00:30]} g5 {[%emt 0:00:30]} 16. Bd6 {[%emt 0:02:30]} Rfe8 {[%emt 0:00:30]} 17. e3 {[%emt 0:02:30]} Re6 {[%emt 0:00:30]} 18. Ba3 {[%emt 0:00:30]} Qd8 {[%emt 0:00:30]} 19. Rae1 {[%emt 0:00:30]} b5 {[%emt 0:00:30]} 20. e4 {[%emt 0:15:30]} a5 {[%emt 0:09:30]} 21. exd5 {[%emt 0:03:30]} cxd5 {[%emt 0:00:30]} 22. Qb3 {[%emt 0:11:30]} Rb8 {[%emt 0:01:30]} 23. Rxe6 {[%emt 0:06:50]} fxe6 {[%emt 0:00:30]} 24. Bd6 {[%emt 0:00:00]} Rb6 {[%emt 0:01:15]} 25. Qa3 {[%emt 0:01:13]} Ra6 {[%emt 0:00:20]} 26. Bc5 {[%emt 0:01:54]} Rc6 {[%emt 0:01:41]} 27. Re1 {[%emt 0:02:25]} Nxc5 {[%emt 0:02:20]} 28. dxc5 {[%emt 0:00:02]} e5 {[%emt 0:04:14]} 29. b4 {[%emt 0:03:06]} a4 {[%emt 0:02:18]} 30. Qc1 {[%emt 0:02:20]} Qf8 {[%emt 0:04:41]} 31. Qd1 {[%emt 0:01:08]} e4 {[%emt 0:03:09]} 32. Nxe4 {[%emt 0:00:25]} Re6 {[%emt 0:01:21]} 33. Qxd5 {[%emt 0:00:38]} Qf7 {[%emt 0:00:03]} 34. c6 {[%emt 0:01:20]} Bxc3 {[%emt 0:00:48]} 35. c7 {[%emt 0:00:57]} 1-0